Vplyv umelej inteligencie na marketingovú komunikáciu vybranej spoločnosti bakalárska práca

Na minha lista:
Detalhes bibliográficos
Autor principal: Bashmakov, Ivan
Autor Corporativo: Obchodná fakulta EU. Katedra marketingu
Outros Autores: Piatra, Lukáš, 1996-
Formato: Livro
Idioma:eslovaco
Publicado em: Bratislava 2025
Tags: Adicionar Tag
Sem tags, seja o primeiro a adicionar uma tag!

MARC

LEADER 00000nbm a2200000 4500
001 0311943
005 20260212103834.3
041 0 |a slo 
044 |a SK 
245 1 0 |a Vplyv umelej inteligencie na marketingovú komunikáciu vybranej spoločnosti  |b bakalárska práca  |c Ivan Bashmakov ; školiteľ: Lukáš Piatra 
264 1 |a Bratislava  |c 2025 
300 |a 46 s. 
100 1 |a Bashmakov, Ivan 
700 1 |a Piatra, Lukáš, 1996- 
710 2 |a Obchodná fakulta EU. Katedra marketingu